logo

Bir Sreshtho Munshi Abdur Rouf Library
Jhenaidah Cadet College

The lion and the unicorn / (Record no. 4963)

MARC details
000 -LEADER
fixed length control field 00751nam a22002532a 4500
001 - CONTROL NUMBER
JCCL Control Number 4963
003 - CONTROL NUMBER IDENTIFIER
JCCL marc code BD-JhCC
005 - DATE AND TIME OF LATEST TRANSACTION
control field 20171205201912.0
008 - FIXED-LENGTH DATA ELEMENTS--GENERAL INFORMATION
fixed length control field 500101s1959 enka 000 1 eng d
035 ## - SYSTEM CONTROL NUMBER
system control number (BD-JhCC)4963
040 ## - CATALOGING SOURCE
Original cataloging agency CLU
Transcribing agency CLU
Modifying agency UKM
-- EQO
-- BD-JhCC
041 ## - LANGUAGE CODE
Language code of Book eng
082 ## - DEWEY DECIMAL CLASSIFICATION NUMBER
Classification number 833.91
DDC Edition number 18
Author mark and Year BAU 1959
100 1# - MAIN ENTRY--PERSONAL NAME
Personal name Baumann, Hans,
Dates associated with a name 1914-1988
245 14 - TITLE STATEMENT
Title The lion and the unicorn /
Statement of responsibility, etc Hans Baumann ; translated by Katharine Potts
260 ## - PUBLICATION, DISTRIBUTION, ETC. (IMPRINT)
Place of publication, distribution, etc Oxford University Press :
Name of publisher, distributor, etc London,
Date of publication, distribution, etc 1959.
300 ## - PHYSICAL DESCRIPTION
Pagination 49 p. :
Other physical details ill. ;
Dimensions 24 cm
500 ## - GENERAL NOTE
General note Translation of: Einhorn und der Löwe<br/> illustrated by Ulrik Schramm ;
650 ## - SUBJECT ADDED ENTRY--TOPICAL TERM
Topical term or geographic name as entry element Wood-carvers
650 ## - SUBJECT ADDED ENTRY--TOPICAL TERM
Topical term or geographic name as entry element Fantasy
700 1# - ADDED ENTRY--PERSONAL NAME
Personal name Potts, Katharine
942 ## - ADDED ENTRY ELEMENTS (KOHA)
Source of classification or shelving scheme Dewey Decimal Classification
Koha item type Books
Holdings
Source of classification or shelving scheme Damaged status Not for loan Home library Current library Shelving location Date of accession Total Checkouts Full call number Barcode Date last seen Copy number Koha item type
Dewey Decimal Classification     JCC Rouf Library JCC Rouf Library General Stacks 12/05/2017   833.91 BAU 1959 5911 12/05/2017 C-1 Books

JCC Library | Contacts | JCC Home

Last Update on 23 September 2017
Copyright @ 2017-2020 JCC Rouf Library
Rouf Library, Jhenidah Cadet College (JCC), Bangladesh